Suécia - Statistics

Estatísticas Gerais
  • Esse quiz foi jogado 29 vezes
  • A pontuação média é 6 de 14
Estatísticas das Respostas
Hint Resposta % Correto
Qual é a sua capital? Estocolmo
96%
Onde fica? Europa
96%
Qual é o seu idioma? Sueco
96%
Que banda sueca canta a música"Mamma Mia!" ? ABBA
70%
Qual é a sua moeda? Coroa sueca
70%
Qual é o seu código ISO? SWE
61%
Qual é a sua religião? Luteranismo
35%
Que DJ sueco morreu em 2018? Avicii
30%
Que cantora sueca canta a música "This One's For You"? Zara Larsson
22%
Que trio sueco canta a música"Don’t you worry child"? Swedish House Mafia
17%
Qual é o seu ponto mais alto? Kebnekaise
4%
Qual é o desporto mais popular? Ténis
4%
Qual é a sua bebida típica? Aquavit
0%
Qual é o sabor de gelado mais popular no país? Salmiakki
0%
Nenhum quiz correspondente encontrado
Distribuição das Pontuações
Porcentagem de Pessoas com Cada Pontuação
Percentil de Números Respondidos
Sua Pontuação Histórica
Você não jogou esse quiz